Normal view MARC view

Entry Personal Name

Number of records used in: 2

001 - CONTROL NUMBER

  • control field: 32515

003 - CONTROL NUMBER IDENTIFIER

  • control field: dpl

005 - DATE AND TIME OF LATEST TRANSACTION

  • control field: 20110811121850.0

008 - FIXED-LENGTH DATA ELEMENTS

  • fixed length control field: 110811|||a|||||| | ||| d

040 ## - CATALOGING SOURCE

  • Original cataloging agency: dpl
  • Transcribing agency: dpl

100 ## - HEADING--PERSONAL NAME

  • Personal name: Wattson, Emma

670 ## - SOURCE DATA FOUND

  • Source citation: Work cat.: (dpl): Harry Potter And The Goblet of Fire, c2011

670 ## - SOURCE DATA FOUND

  • Source citation: Work cat.: (dpl): Harry Potter And The Goblet of Fire, c2011

© Delhi Public Library
Hit Counter
free hit counter